000 00457nam a2200193Ia 4500
008 101110s9999 xx 000 0 und d
041 _aENGLISH
082 _bJR657
100 _aLaxman R.K.
245 _aThe Management of Management
365 _b6
520 _aCommerce
546 _aENGLISH
630 _aThe Management of Management
650 _aCommerce
655 _aCommerce
730 _aThe Management of Management
942 _cBOOK
999 _c793460
_d793457